Aik Mohabbat So Afsanay / (Record no. 594543)

000 -LEADER
fixed length control field 00392nam a22001337a 4500
020 ## - INTERNATIONAL STANDARD BOOK NUMBER
International Standard Book Number 9789693504484
082 ## - DEWEY DECIMAL CLASSIFICATION NUMBER
Classification number 891.4393
Author Mark ISH
100 ## - MAIN ENTRY--PERSONAL NAME
Personal name Ahmad, Ishafaq
245 ## - TITLE STATEMENT
Title Aik Mohabbat So Afsanay /
Statement of responsibility, etc. Ishafaq Ahmad
260 ## - PUBLICATION, DISTRIBUTION, ETC.
Place of publication, distribution, etc. Lahore :
Name of publisher, distributor, etc. Sange-E-Meel Publications,
Date of publication, distribution, etc. 2018.
300 ## - PHYSICAL DESCRIPTION
Extent 192 p. ;
Dimensions 22 cm.
880 ## - ALTERNATE GRAPHIC REPRESENTATION
Linkage 245-02\r
Title ایک محبت سو افسافے /
942 ## - ADDED ENTRY ELEMENTS (KOHA)
Source of classification or shelving scheme
Koha item type Book
Holdings
Withdrawn status Lost status Source of classification or shelving scheme Damaged status Not for loan Permanent Location Current Location Shelving location Date acquired Source of acquisition Total Checkouts Total Renewals Full call number Barcode Checked out Date last seen Date last checked out Price effective from Koha item type
          Central Library (CL) Central Library (CL) Urdu Literature 04/19/2023 Donated by Tughral Yamin Ex Dean CIPS 2 3 891.4393 ISH CL-D-2281 03/20/2025 02/18/2025 02/18/2025 04/19/2023 Book
© 2023 Central Library, National University of Sciences and Technology. All Rights Reserved.